LEADER 01400cam2-2200421---450- 001 990003216160203316 005 20110421110030.0 010 $a978-88-217-2958-4 035 $a000321616 035 $aUSA01000321616 035 $a(ALEPH)000321616USA01 035 $a000321616 100 $a20090408d2009----|||y0itay0103----ba 101 0 $aita 102 $aIT 105 $ay|||n|||001|| 200 1 $a2009$eguida alla compilazione quadro per quadro, casistica ed esempi pratici$fFrancesco Scopacasa$eaggiornato on-line 210 $a[Milanofiori, Assago]$cIPSOA$d2009 215 $aX, 383 p.$d30 cm 225 2 $aDichiarazioni fiscali 2009$v1 410 0$12001$aDichiarazioni fiscali 2009$v1 461 1$1001000352384$12001$aDichiarazione Iva 606 $aImposta sul valore aggiunto$xGuide pratiche$2BNCF 676 $a343.45055$v22 700 1$aSCOPACASA,$bFrancesco$0298440 801 $aIT$bsalbc$gISBD 912 $a990003216160203316 951 $aXXIV.5.C. 612$b17458 G.$cXXIV.5.C.$d00206528 959 $aBK 969 $aGIU 979 $aIANNONE$b90$c20090408$lUSA01$h1206 979 $aIANNONE$b90$c20090408$lUSA01$h1231 979 $aFIORELLA$b90$c20101210$lUSA01$h1424 979 $aFIORELLA$b90$c20101210$lUSA01$h1425 979 $aCHIARA$b90$c20110421$lUSA01$h1100 979 $aCHIARA$b90$c20110421$lUSA01$h1100 996 $a2009$91516773 997 $aUNISA LEADER 01462nam--2200421---450- 001 990003528420203316 005 20110913175627.0 010 $a978-88-16-40992-7 035 $a000352842 035 $aUSA01000352842 035 $a(ALEPH)000352842USA01 035 $a000352842 100 $a20110512d2011----km-y0itay50------ba 101 0 $aita 102 $aIT 105 $aaf--||||001yy 200 1 $a<> volto di Cristo$egli archetipi del Salvatore nella tradizione dell'oriente cristiano$fEmanuela Fogliadini$gpresentazione di Piergiuseppe Bernardi 210 $aMilano$cJaca book$d2011 215 $a221 p., [8] carte di tav.$cill.$d24 cm 225 2 $aDi fronte e attraverso$v992$iStoria dell'arte$v46 410 0$12001$aDi fronte e attraverso$v992$iStoria dell'arte$v46 606 0 $aGesł Cristo$xIconografia$2BNCF 676 $a246.53 700 1$aFOGLIADINI,$bEmanuela$0475079 702 1$aBERNARDI,$bPiergiuseppe$f<1959- > 801 0$aIT$bsalbc$gISBD 912 $a990003528420203316 951 $aII.2. 5540$b231517 L.M.$cII.2.$d00296510 959 $aBK 969 $aUMA 979 $aPASSARO$b90$c20110512$lUSA01$h1208 979 $aPASSARO$b90$c20110512$lUSA01$h1213 979 $aPASSARO$b90$c20110512$lUSA01$h1215 979 $aPASSARO$b90$c20110512$lUSA01$h1218 979 $aPASSARO$b90$c20110512$lUSA01$h1238 979 $aANDRIA$b90$c20110913$lUSA01$h1756 996 $aVolto di Cristo$9246286 997 $aUNISA LEADER 01066nas 2200409 c 450 001 9910142104103321 005 20260218110331.0 035 $a(CKB)1000000000528761 035 $a(DE-599)ZDB2087251-3 035 $a(OCoLC)163891399 035 $a(OCoLC)645320374 035 $a(DE-101)023836261 035 $a(DE-599)2087251-3 035 $a(EXLCZ)991000000000528761 100 $a20020827b19972004 |y | 101 0 $ager 135 $aur||||||||||| 181 $ctxt$2rdacontent 182 $cc$2rdamedia 183 $acr$2rdacarrier 200 00$aArtechock$hKunstmagazin 210 31$aMu?nchen$cartechock kunst$d1997-2004 215 $aOnline-Ressource 300 $aGesehen am 24.05.05 517 1 $aArtechock / Kunstmagazin 517 1 $aArtechock-Kunstmagazin 517 1 $aArtechock Kunst 517 1 $aArteschock 608 $aZeitschrift$2gnd-content 676 $a700 801 0$b0012 801 1$bDE-101 801 2$b9999 906 $aJOURNAL 912 $a9910142104103321 996 $aArtechock$92268541 997 $aUNINA